Vývoj stratégií firiem pôsobiacich v automobilovom priemysle z perpektívy budovania optimálnej corporate identity

Identifikácia stratégie budovania optimálnej coroprate identity vybraných podnikateľských subjektov pôsobiacich v odvetví automobilového priemyslu v EÚ so zameraním na výrobu osobných automobilov v medzinárodnom podnikateľskom prostredí.

Na minha lista:
Detalhes bibliográficos
Autor principal: Zorkóciová, Otília, 1954-
Outros Autores: Šimorová, Lenka, Šášiková, Mária
Formato: Capítulo de Livro
Idioma:eslovaco
Assuntos:
Tags: Adicionar Tag
Sem tags, seja o primeiro a adicionar uma tag!

MARC

LEADER 00000naa a2200000 4500
001 0174533
005 20240502072957.1
041 0 |a slo 
044 |a SK 
245 1 0 |a Vývoj stratégií firiem pôsobiacich v automobilovom priemysle z perpektívy budovania optimálnej corporate identity  |c Otília Zorkóciová, Lenka Šimorová, Mária Šášiková 
520 |a Identifikácia stratégie budovania optimálnej coroprate identity vybraných podnikateľských subjektov pôsobiacich v odvetví automobilového priemyslu v EÚ so zameraním na výrobu osobných automobilov v medzinárodnom podnikateľskom prostredí. 
610 2 0 |a identita podniková 
610 2 0 |a priemysel automobilový 
610 2 0 |a Slovensko 
610 2 0 |a kríza hospodárska 
610 2 0 |a konkurencia 
610 2 0 |a prostredie podnikateľské 
100 1 |a Zorkóciová, Otília, 1954- 
700 1 |a Šimorová, Lenka 
700 1 |a Šášiková, Mária